Mannich bases chemistry and uses

Saved in:
Bibliographic Details
Main Author: Tramontini, Maurilio
Other Authors: Angiolini, Luigi
Format: Book
Language:English
Published: Boca Raton CRC Press 1994.
Series:New directions in organic and biological chemistry
Subjects:
Online Access:Publisher description
View in OPAC
Tags: Add Tag
No Tags, Be the first to tag this record!

MARC

LEADER 00000cam a2200000 a 4500
005 20260127134256.0
008 130702s1994 flua b 001 0 eng
010 |a 94-011113 
020 |a 0849344301 (acidfree paper) 
035 |a vtls010524707 
039 9 |y 201307021344  |z mschk03 
040 |a DLC  |c DLC  |d DLC  |d STUSCHK1 
082 0 0 |a 547/.442  |2 20 
100 1 |a Tramontini, Maurilio. 
245 1 0 |a Mannich bases  |b chemistry and uses  |c Maurilio Tramontini, Luigi Angiolini. 
260 |a Boca Raton  |b CRC Press  |c 1994. 
300 |a viii, 289 p.  |b ill.  |c 25 cm. 
440 0 |a New directions in organic and biological chemistry 
504 |a Includes bibliographical references and index. 
650 0 |a Mannich bases. 
700 1 |a Angiolini, Luigi. 
856 4 2 |3 Publisher description  |u http://www.loc.gov/catdir/enhancements/fy0744/94011113-d.html 
906 |a 7  |b cbc  |c orignew  |d 1  |e ocip  |f 19  |g y-gencatlg 
910 |a SCHK95 
919 |a 0-8493-4430-1 
920 |a ** LC HAS REQ'D # OF SHELF COPIES ** 
991 |b c-GenColl  |h QD305.A8  |i T73 1994  |p 00037074123  |t Copy 1  |w BOOKS 
999 |c 8522  |d 8522